书目信息 |
| 题名: |
拓扑空间中的反例
|
|
| 作者: | 汪林 , 杨富春 编著 | |
| 分册: | ||
| 出版信息: | 北京 科学出版社 2000 |
|
| 页数: | 186页 | |
| 开本: | 26cm | |
| 丛书名: | 现代数学基础丛书 | |
| 单 册: | ||
| 中图分类: | O189.11 | |
| 科图分类: | ||
| 主题词: | 拓扑空间 | |
| 电子资源: | ||
| ISBN: | 7-03-008211-7 | |
| 000 | 00649nam2 2200229 45 | |
| 001 | 0109231580 | |
| 005 | 20051206155212.15 | |
| 010 | @a7-03-008211-7@dCNY28.00 | |
| 092 | @aCN | |
| 100 | @a20010923d2000 km y0chiy0120 ea | |
| 101 | 0 | @achi |
| 200 | 1 | @a拓扑空间中的反例@ATuo Pu Kong Jian Zhong De Fan Li@f汪林,杨富春编著@FWang Lin,Yang Fu Chun Bian Zhu |
| 210 | @a北京@c科学出版社@d2000 | |
| 215 | @a186页@d26cm | |
| 225 | @a现代数学基础丛书@v66 | |
| 410 | @12001 @a现代数学基础丛书 | |
| 606 | 0 | @a拓扑空间 |
| 690 | @aO189.11@v4 | |
| 701 | @a汪林@4编著 | |
| 701 | 0 | @a杨富春@4编著 |
| 801 | @aCN@bTSTC@c20051206 | |
| 905 | @a10447@dO189.11@e28 | |
| 拓扑空间中的反例/汪林,杨富春编著.-北京:科学出版社,2000 |
| 186页;26cm.-(现代数学基础丛书;66) |
| ISBN 7-03-008211-7:CNY28.00 |
| ● |
| 相关链接 |
|
|
|
|
正题名:拓扑空间中的反例
索取号:O189.11/28
 
预约/预借
| 序号 | 登录号 | 条形码 | 馆藏地/架位号 | 状态 | 备注 |
| 1 | 0370552 | 203705525 | 第三借阅区/ [索取号:O189.11/28] | 在馆 | |
| 2 | 0370553 | 203705534 | 第三借阅区/ [索取号:O189.11/28] | 在馆 |